000 00831nam a22001817a 4500
999 _c59215
_d59215
003 Ge_BSU
005 20221214145252.0
008 221214s1982ge xxu||||| |||| 00| 0 geo d
041 _ageo
080 _a003.334.2 რ-21
100 _aრამიშვილი, ვალერიან, ავტორი.
_916410
245 _aეროვნული საუნჯე :
_b[ქართული დამწერლობა] /
_cვალერიან რამიშვილი, რედ. თ. ჯიჯეიშვილი
264 _aთბილისი :
_b განათლება,
_c1982.
300 _a32 გვ. ;
_b20 სმ.
653 _aქართული დამწერლობა.
700 _aჯიჯეიშვილი, თ
_eრედაქტორი
_99990
942 _2udc
_cBK